00638 2200229 4500001002100000005001700021008004100038020002200079035002500101040001200126082001000138084002000148100001700168245007700185250001000262260003000272300002200302500003100324650002200355700001900377850001200396INLIS00000000000531520150512135757.0  a978-602-255-646-6 a0010-051500000000448 aYOPDYOG a181.1 aDEP 181.1 Ems F aEMSAN, 1977- aFilosofi-filosofi warisan Tiongkok kunoc/ Emsan ; editor Coky Aditya Z. aCet.1 aYogyakartabLaksanac2014 a276 hlm.c; 20 cm aBibliografi : hlm. 270-274 aFilsafat Tiongkok aCoky Aditya Z. aYOPDYOG